| 000 | 00602nam a2200181 i 4500 | ||
|---|---|---|---|
| 001 | 61459 | ||
| 003 | ES-MaACL | ||
| 005 | 20251015063102.0 | ||
| 007 | t| | ||
| 008 | 031112s1977 sp ||||1| cat d | ||
| 100 | 1 |
_aFabre, Jaume, _d1948- _948537 |
|
| 245 | 1 | 0 |
_aTots els barris de Barcelona _b: VII. Els poláigons, (2) i el Districte cinquè / _cJaume Fabre i Josep M. Huertas. |
| 260 |
_a[Barcelona] : _bEdicions 62, _c[1977] |
||
| 300 |
_a368 p. : _bil. ; _c19 cm. |
||
| 700 | 1 |
_aHuertas, Josep M., _d1939-2007 _9150042 |
|
| 852 |
_aES-MaACL _jA-6807 _bR.95922 |
||
| 999 |
_c61459 _d61459 |
||